[Event "Wch U16 Girls"]
[Site "Durban"]
[Date "2014.09.26"]
[Round "8"]
[White "Eng, Rachael"]
[Black "Ranasinghe, Thinithi Sahanika"]
[Result "1/2-1/2"]
[WhiteElo "1778"]
[BlackElo "1596"]
[PlyCount "61"]
[EventDate "2014.09.20"]
[EventType "swiss"]
[EventRounds "11"]
[EventCountry "RSA"]
[SourceTitle "CBM 162 Extra"]
[Source "ChessBase"]
[SourceDate "2014.10.17"]
[SourceVersion "1"]
[SourceVersionDate "2014.10.17"]
[SourceQuality "1"]

1. e4 c6 2. d4 d5 3. exd5 cxd5 4. Bd3 Nc6 5. c3 Nf6 6. Bf4 Bg4 7. Qb3 Qd7 8. Nd2 a6 9. Ngf3 Bh5 10. h3 e6 11. 0-0 Bg6 12. Bxg6 hxg6 13. Rfe1 Be7 14. Re2 Qc8 15. Rae1 0-0 16. Ne5 Nxe5 17. dxe5 Nd7 18. Nf3 Nc5 19. Qc2 Qc7 20. h4 Qd8 21. g3 Rc8 22. Kg2 Ne4 23. Nd2 Nxd2 24. Qxd2 Rc4 25. b3 Rc6 26. Rh1 Re8 27. Qd3 Qc7 28. Bd2 Rc8 29. g4 Qd8 30. g5 R6c7 31. f4 1/2-1/2